000 00187nam a2200073Ia 4500
008 170817s9999 xx 000 0 und d
100 _aMANGAL S.K.
245 0 _aDimensions Of Teacher Adjustment
260 _bNeel Kamal Pub
999 _c38276
_d38276